| 000 | 01070nam a2200241Ia 4500 | ||
|---|---|---|---|
| 999 |
_c44982 _d44982 |
||
| 001 | 11803 | ||
| 003 | GE_BSU | ||
| 005 | 20240619113234.0 | ||
| 008 | 181216s2014||||ge |||||||||||||| ||geo|| | ||
| 020 | _a9789941223686 | ||
| 040 | _cGE_BSU | ||
| 041 | _ageo | ||
| 080 | _a327.7(042.4) ი-76 | ||
| 100 |
_aირემაძე, გელა _922490 |
||
| 245 |
_aსაერთაშორისო ორგანიზაციები : _bლექციების კონსპექტური კურსი / _cგელა ირემაძე ; რედ.ირაკლი მანველიძე. |
||
| 264 |
_aთბილისი : _bუნივერსალი, _c2014. |
||
| 300 |
_a327გვ. ; _c20 მ. |
||
| 504 | _aბიბლიოგრ. : გვ. 923-927 | ||
| 653 | _aსაერთაშორისო ორგანიზაციები | ||
| 653 | _aლექციების კურსი | ||
| 700 |
_aმანველიძე, ირაკლი _e რედაქტორი _92014 |
||
| 942 |
_cBK _2udc |
||